01801cam a2200289 i 4500001001900000003000600019005001700025008004100042015001900083020001800102035002200120035002400142040006200166041000800228050002400236100003100260240001900291245008500310246006400395260003600459300002900495500004800524500013600572520076400708650002401472650001501496991025532414307026UkOxU20251002122230.0220705r20221989enk 000 0 eng d aGBC2C27522bnb a9781800812192 a(OCoLC)1338666803 a(OCoLC)on1338666803 aUKMGBbengerdacUKMGBdSINLBdOCLCFdOCLCOdOCLCLdUkOxU aeng aHF5386 b.M474 2022 aMcCormack, Mark H.eauthor aSuccess secret aWhat they still don't teach you at Harvard Business Schoolc/ Mark H. McCormack. aWhat they still do not teach you at Harvard Business School aLondon :bProfile Books,c2022. axiv, 298 pages ;c20 cm. aOriginally published: London: Bantam, 1989. aFirst published in Great Britain as Success secret in 1989 by Guild Publishing by arrangement with William Collins Sons and Co Ltd. aBetween the theories of business school and the real world of business, there is still a gap - one that can only be filled by experience, helped by the knowledge of someone who has already done it. Over a lifetime as one of the world's most influential business leaders, Mark McCormack gathered more insights than could ever fit in one book: here he has distilled the strategies, techniques and wisdom that everyone needs to get organised, get ahead and gain and keep the competitive edge. Building on from What They Don't Teach You At Harvard Business School, this straight-talking, practical guide offers essential tools and skills - from negotiating to managing, advancing your career to building a new idea - that will help you be a leader at any level. 0aSuccess in business 0aManagement